Départements par noms détournés III - Statistiques

Statistiques générales
  • Ce quiz a été pris 35 fois
    6 depuis la dernière actualisation
  • Le résultat moyen est 2 sur 10
Statistiques - réponses
Indice Département % Correct
Gagner le gros ... Lot
80%
Achetez (contraire) Vendée
40%
Nos Tu (contraire) Vosges
40%
Moche Faible (contraire) Belfort
20%
Enchères Paris
20%
Normandie du Nord (contraire) Corse du Sud
0%
Aéroport Gard
0%
I Carrée (contraire) Gironde
0%
Dirige et rongeur Maine-et-Loire
0%
Son Chemin Savoie
0%
Aucun quiz correspondant
Distribution des résultats
% des personnes avec chaque résultat
Percentile par nombre de réponses
Votre historique - résultats
Vous n’avez pas pris ce quiz depuis la dernière actualisation